| 000 | 00974cab a2200241 4500 | ||
|---|---|---|---|
| 001 | ABS50607 | ||
| 008 | 090401t1994 xxu||||| |||| 00| 0 eng d | ||
| 035 | _a(Sirsi) u76638 | ||
| 041 | _aeng | ||
| 100 | _aGiussani, B. | ||
| 245 | _aInvestment in industrial buildings: modelling the determinants of new orders | ||
| 260 | _c1994 | ||
| 350 | _a0 | ||
| 490 |
_aJournal of Property Research _v11(1) 1994, 1-16(15) |
||
| 520 | _aDevises a theoretical model, based on post-war statistics, to explain the pattern of construction investment in the industrial sector. Relies on econometric modelling techniques and incorporates such criteria as rental levels, floorspace availability and industrial output. | ||
| 650 | _aCONSTRUCTION INVESTMENT | ||
| 650 | _aECONOMETRIC MODELLING | ||
| 650 | _aINDUSTRIAL BUILDING | ||
| 690 | _aPROPERTY-COMMERCIAL PROPERTY-COMMERCIAL PROPERTY FINANCE AND INVESTMENT | ||
| 700 | _aTsolacos, S. | ||
| 942 | _n0 | ||
| 948 | _c04/03/1997 | ||
| 999 |
_c48161 _d48161 |
||